000 00532nam a2200181Ia 4500
003 LK-CoDNM
008 010623t1963 xxu||||| |||| 00| 1 sin d
040 _aLK-CoDNM
_dLK-CoDNM
_eLK-CoDNM
041 _asin
080 _a159.9SOM
100 _aSomathilaka,Ariyadasa.
245 _aසිග්මන් පර්ොයිඩ් සහ මනෝ විග්‍ර‍හය
246 _aSigmund Freud Saha Mana Wigrahaya
260 _bGunasena
_aColombo
_c1963
300 _b157p., 15 cm
650 _aPsycology
942 _cBK
999 _c106467
_d106467